Food and nutrition / (Record no. 92252)

MARC details
000 -LEADER
fixed length control field 00527nam a22001817a 4500
005 - DATE AND TIME OF LATEST TRANSACTION
control field 20150423145010.0
010 ## - LCCN (DPL NO)
LC control number ENG-112375
020 ## - INTERNATIONAL STANDARD BOOK NUMBER
International Standard Book Number 9788170545811
Terms of availability 300.00
035 ## - SYSTEM CONTROL NUMBER
System control number EN-95907
037 ## - SOURCE OF ACQUISITION
Source of stock number/acquisition DBAD/PUB
082 ## - DEWEY DECIMAL CLASSIFICATION NUMBER
Classification number 641.3
100 ## - MAIN ENTRY--PERSONAL NAME
Personal name Annapurna, K.
245 ## - TITLE STATEMENT
Title Food and nutrition /
Statement of responsibility, etc by K. Annapurna
260 ## - PUBLICATION, DISTRIBUTION, ETC. (IMPRINT)
Place of publication, distribution, etc New Delhi
Name of publisher, distributor, etc Classical Publishing
Date of publication, distribution, etc 2012
270 ## - ADDRESS
Address 28, Shopping Centre, Karampura,
City New Delhi
Postal code 110015
300 ## - PHYSICAL DESCRIPTION
Extent xviii,112p.
Dimensions 22cm(Hb)
942 ## - ADDED ENTRY ELEMENTS (KOHA)
Source of classification or shelving scheme Dewey Decimal Classification
Item type English Books
Call number suffix ANN
Classification part 641.3
Holdings
Withdrawn status Lost status Not for loan Collection code Home library Current library Date acquired Source of acquisition Cost, normal purchase price Full call number Barcode Copy number Cost, replacement price Koha item type
    Not For Loan Non-fiction D.B.Act.Division D.B.Act.Division 13/03/2015 DBAD/PUB 300.00 641.3 ANN EN-95907 1 300.00 English Books

© Delhi Public Library
Hit Counter
free hit counter